Bạch lộc nguyên (Cánh đồng con hươu trắng)

Guardat en:
Dades bibliogràfiques
Autor principal: Trần Trung Thực
Format: Llibre
Idioma:Undetermined
Publicat: Đà Nẵng Nxb. Đà Nẵng 2000
Matèries:
Etiquetes: Afegir etiqueta
Sense etiquetes, Sigues el primer a etiquetar aquest registre!
Thư viện lưu trữ: Trung tâm Học liệu Trường Đại học Cần Thơ
LEADER 00597nam a2200181Ia 4500
001 CTU_39228
008 210402s9999 xx 000 0 und d
082 |a 895.13 
082 |b Th552/T2 
100 |a Trần Trung Thực 
245 0 |a Bạch lộc nguyên 
245 0 |b (Cánh đồng con hươu trắng) 
245 0 |c Trần Trung Thực, Vũ Công Hoan 
260 |a Đà Nẵng 
260 |b Nxb. Đà Nẵng 
260 |c 2000 
650 |a chinese fiction - 20th century,chinese literature - 20th century 
980 |a Trung tâm Học liệu Trường Đại học Cần Thơ